60's Albums - Sudden Death - Statistics

General Stats
  • This quiz has been taken 316 times
  • The average score is 5 of 16
Answers on the Grid
Answers color-coded by a green-red scale on the quiz's grid according to % correct below.
Are You Experienced
Pet Sounds
Imagine
Electric Warrior
A Love Supreme
If You Can Believe Your Eyes and Ears
Tapestry
Surrealistic Pillow
Days of Future Passed
Tea for the Tillerman
Cosmo's Factory
Ram
Astral Weeks
Fragile
Abraxas
The Black Saint and the Sinner Lady
The Who Sell Out
Led Zeppelin II
L.A. Woman
Sgt. Pepper's Lonely Hearts Club Band
Wheels of Fire
Kind of Blue
Let It Bleed
Paranoid
In the Wee Small Hours
Highway 61 Revisited
Here's Little Richard
In the Court of the Crimson King
Lady in Satin
The Velvet Underground & Nico
Moanin' in the Moonlight
American Beauty
 
Answer Stats
Answer % Correct
Pet Sounds
85%
Are You Experienced
78%
Sgt. Pepper's Lonely Hearts Club Band
44%
Surrealistic Pillow
37%
Led Zeppelin II
35%
A Love Supreme
34%
The Velvet Underground & Nico
28%
In the Court of the Crimson King
22%
Days of Future Passed
21%
Highway 61 Revisited
21%
Astral Weeks
20%
Let It Bleed
18%
The Who Sell Out
18%
If You Can Believe Your Eyes and Ears
15%
The Black Saint and the Sinner Lady
13%
Wheels of Fire
13%
No matching quizzes found
Score Distribution
Percent of People with Each Score
Percentile by Number Answered
Your Score History
You have not taken this quiz